| 000 | 01200nam a2200277 i 4500 | ||
|---|---|---|---|
| 001 | 172090 | ||
| 003 | ES-MaACL | ||
| 005 | 20230906214820.0 | ||
| 008 | 090615s1967 sp |||| | spa d | ||
| 080 | _a821.134.2 Alemán, Mateo 1.06 | ||
| 080 | _a821.134.2 Pérez Galdós, Benito 1.06 | ||
| 080 | _a821.134.2 Alas, Leopoldo 1.06 | ||
| 080 | _a821.134.2 Valle-Inclán, Ramón del 1.06 | ||
| 100 | 1 |
_aSobejano, Gonzalo. _9106979 |
|
| 245 | 1 | 0 |
_aForma literaria y sensibilidad social _b: (Mateo Alemán, Galdós, Clarín, el 98 y Valle-Inclán) / _cGonzalo Sobejano. |
| 260 |
_aMadrid : _bGredos, _c[1967] |
||
| 300 |
_a248 p. ; _c19 cm. |
||
| 490 | 1 |
_aBiblioteca románica hispánica ; _vVII. Campo abierto ; _v19 |
|
| 600 | 1 | 4 |
_aAlemán, Mateo- _xCrítica e interpretación. _9140675 |
| 600 | 1 | 4 |
_aPérez Galdós, Benito, _d1843-1920- _xCrítica e interpretación _990875 |
| 600 | 1 | 4 |
_aAlas, Leopoldo, _d1852-1901- _xCrítica e interpretación _919157 |
| 600 | 1 | 4 |
_aValle-Inclán, Ramón del, _d1866-1936- _xCrítica e interpretación _9112800 |
| 830 | 1 |
_aBiblioteca románica hispánica ; _vVII. Campo abierto ; _v19 _9180746 |
|
| 852 |
_aES-MaACL _jC-33553 |
||
| 999 |
_c172090 _d172090 |
||